000 nam a22 a 4500
999 _c194927
_d194927
003 BLK
005 20220923155629.0
008 180411b bul|||||r ||||||| ||bul||
010 _aKNG00204162000
040 _aBLK
041 _aBUL
_cBUL
080 _aИстория на морските войни. Морски битки
_b355.49
_x(092)
_z355.49(092)
080 _aРуски флотоводец, изследовател, океанограф, вицеадмирал
_b929 Макаров,Степан Осипович
_z929 Макаров,Степан Осипович
100 1 _aСеманов, Сергей Н.
_eпърви автор
_9346847
139 _aСеманов, Сергей Н.
_bС 32
245 1 0 _aМакаров
_bБиогр.
_cСергей Н. Семанов; прев. от рус. Венедикта Иванова Григорова.
257 _aRUS
260 _aСофия
_bНар. младеж
_c1975
300 _a288 с.
_b1 л. портр.
_c21 см
380 _a3
490 _aБиблиотека Парабола
_9205849
490 _aКниги за велики образи и идеи на науката
_v9
_9205850
500 _aОриг. загл. Макаров. - 7 125 тир. - Библиогр. с. 285-287.
600 1 4 _aМакаров,Степан Осипович
_9224775
700 1 _aГригорова, Венедикта Иванова
_eпрев. от рус.
_9306741
852 _aЦб 75981
856 4 _qpdf
856 4 _qpdf
942 _cKNG
_n0
_s1
944 _aCR
_c07.02.2018
_kГрета_Цуфелде
944 _aED
_c2022-09-23
_kир
999 _d194927